| 000 | 00755cam a2200229 a 4500 | ||
|---|---|---|---|
| 001 | 303 | ||
| 003 | BR-CuiBMT | ||
| 005 | 20231027235654.0 | ||
| 008 | 230928s2012 mgb 000 0 por d | ||
| 020 | _a9788577006182 | ||
| 040 |
_aBR-CuiBMT _cBR-CuiBMT |
||
| 080 |
_22007 _a351.712:334.724.6 |
||
| 090 |
_a351.712:334.724.6 _bB455r |
||
| 100 | 1 | _aBemquerer, Marcos | |
| 245 | 1 | 2 |
_aO regime jurídico das empresas estatais após a emenda constitucional n° 19/1988 / _cMarcos Bemquerer ; Benjamin Zymler, prefácio. |
| 260 |
_aBelo Horizonte : _bFórum, _c2012. |
||
| 300 |
_a211 p. ; _c21 cm |
||
| 504 | _aInclui bibliografia. | ||
| 650 |
_aEmpresa estatal _xLicitação _zBrasil |
||
| 650 |
_aEmpresa estatal _xRegime jurídico _zBrasil |
||
| 942 |
_2udc _cLV |
||
| 999 |
_c303 _d303 |
||